00555cam a22002057a 4500003000500000005001700005008004100022010001000063011001000073035001000083040000900093082001200102100002800114245005800142260004400200300001100244490003200255650003000287830003200317CHAP20220329140624.0971013s1956 r 00010 d a54897 a55869 a60022 cCHAP a190bS300aSantillana, Giorgio de.14aThe age of adventuresb: the Renaissance philosophers aNew York :bNew American Library,c1956 a283 p. 0aMentor philosophers. MQ 83514aFilosofía renacentista.0 aMentor philosophers. MQ 835